[Event "Olimpiada Dresden 2008 Femenina"]
[Site "Dresden GER"]
[Date "2008.11.19"]
[Round "6.5"]
[White "Javakhishvili, Lela"]
[Black "Zawadzka, Jolanta"]
[Result "0-1"]
[WhiteElo "2473"]
[BlackElo "2378"]
[PlyCount "104"]
[EventDate "2008.11.13"]
[EventType "team-tourn"]
[EventRounds "11"]
[EventCountry "GER"]
[Source "lmi"]
[SourceDate "2008.11.13"]
[WhiteTeam "Georgia"]
[BlackTeam "Polonia"]
[WhiteTeamCountry "GEO"]
[BlackTeamCountry "POL"]

1. c4 Nf6 2. Nf3 g6 3. d4 Bg7 4. Nc3 O-O 5. e4 d6 6. Be2 e5 7. Be3 Ng4 8. Bg5
f6 9. Bh4 g5 10. Bg3 Nh6 11. dxe5 dxe5 12. O-O Nc6 13. h3 Qxd1 14. Rfxd1 g4 15.
hxg4 Bxg4 16. Rd2 Rad8 17. Nd5 f5 18. Bh4 Rd6 19. c5 Rg6 20. Ne7+ Nxe7 21. Bxe7
Re8 22. Bc4+ Kh8 23. Nh4 Rc6 24. Bb5 Rxe7 25. Rd8+ Ng8 26. Bxc6 bxc6 27. Nxf5
Bxf5 28. exf5 e4 29. Ra8 Be5 30. a4 Kg7 31. Rxa7 Bxb2 32. Rb1 Bd4 33. Ra6 Nh6
34. f6+ Kxf6 35. Rxc6+ Kg5 36. a5 Ng4 37. a6 e3 38. fxe3 Rxe3 39. Kh1 Be5 40.
Re6 Ra3 41. Kg1 h5 42. Kf1 Kf5 43. Rc6 Ra2 44. Rb3 Ke4 45. Rg6 Nf6 46. Rf3 Rxa6
47. Rg7 Ng4 48. Rg5 Nh2+ 49. Ke2 Ra2+ 50. Ke1 Nxf3+ 51. gxf3+ Kf4 52. Rxh5 Rc2
0-1

[Event "Olimpiada Dresden 2008 Femenina"]
[Site "Dresden GER"]
[Date "2008.11.19"]
[Round "6.5"]
[White "Majdan, Joanna"]
[Black "Lomineishvili, Maia"]
[Result "1-0"]
[WhiteElo "2284"]
[BlackElo "2437"]
[PlyCount "133"]
[EventDate "2008.11.13"]
[EventType "team-tourn"]
[EventRounds "11"]
[EventCountry "GER"]
[Source "lmi"]
[SourceDate "2008.11.13"]
[WhiteTeam "Polonia"]
[BlackTeam "Georgia"]
[WhiteTeamCountry "POL"]
[BlackTeamCountry "GEO"]

1. e4 e5 2. Nf3 Nc6 3. Bc4 Nf6 4. d3 Be7 5. O-O O-O 6. Re1 d6 7. c3 Na5 8. Bb5
a6 9. Ba4 b5 10. Bc2 c5 11. Nbd2 Nd7 12. Nf1 Nb6 13. Ng3 Bf6 14. h3 g6 15. a4
Bd7 16. b4 cxb4 17. cxb4 Nc6 18. a5 Nc8 19. Qd2 N8e7 20. Bb2 Be6 21. d4 Nxd4
22. Nxd4 exd4 23. Bxd4 Bxd4 24. Qxd4 Nc6 25. Qd2 Rc8 26. Rac1 d5 27. Bb3 dxe4
28. Qxd8 Rfxd8 29. Bxe6 fxe6 30. Rxe4 Kf7 31. Nf1 e5 32. Ne3 Rd4 33. Rxe5 Nxe5
34. Rxc8 Rxb4 35. Rc7+ Kf8 36. Ra7 Ra4 37. Rxa6 Nc4 38. Ra8+ Kf7 39. a6 Ra1+
40. Kh2 Nxe3 41. fxe3 b4 42. Ra7+ Kf6 43. Kg3 b3 44. Rb7 Rxa6 45. Rxb3 g5 46.
Kf3 h5 47. g4 h4 48. Ke4 Ra4+ 49. Kd5 Ra5+ 50. Kd4 Ra4+ 51. Kd3 Ra2 52. Rb6+
Ke5 53. Rb5+ Kf6 54. Ke4 Ra4+ 55. Kd5 Ra3 56. Rb6+ Kf7 57. Ke4 Ra4+ 58. Kf3 Ra2
59. Rb5 Kf6 60. Rf5+ Kg6 61. Ke4 Ra4+ 62. Kd3 Ra3+ 63. Ke2 Ra2+ 64. Kf1 Ra1+
65. Kg2 Ra2+ 66. Rf2 Ra3 67. Kf3 1-0

[Event "Olimpiada Dresden 2008 Femenina"]
[Site "Dresden GER"]
[Date "2008.11.19"]
[Round "6.6"]
[White "Muminova, Nafisa"]
[Black "Peng, Zhaoqin"]
[Result "0-1"]
[WhiteElo "2240"]
[BlackElo "2455"]
[PlyCount "74"]
[EventDate "2008.11.13"]
[EventType "team-tourn"]
[EventRounds "11"]
[EventCountry "GER"]
[Source "lmi"]
[SourceDate "2008.11.13"]
[WhiteTeam "Uzbekistán"]
[BlackTeam "Holanda"]
[WhiteTeamCountry "UZB"]
[BlackTeamCountry "NED"]

1. e4 c5 2. Nf3 e6 3. c3 d5 4. exd5 exd5 5. d4 Nc6 6. Bb5 Bd6 7. O-O Nge7 8.
dxc5 Bxc5 9. Nd4 O-O 10. Be3 Bd6 11. Bxc6 bxc6 12. b4 Qc7 13. Qh5 a5 14. Bd2
Bd7 15. Rc1 Rfe8 16. a4 g6 17. Qh4 Nf5 18. Nxf5 Bxf5 19. Re1 Rxe1+ 20. Bxe1 Re8
21. f3 Bxh2+ 22. Kh1 Be5 23. bxa5 Qb8 24. Nd2 Qb2 25. Rd1 Qc2 26. Rb1 Bxc3 27.
Rb7 Qd1 28. Re7 Rxe7 29. Qxe7 Bxd2 30. a6 Bxe1 31. Qe8+ Kg7 32. Qe5+ f6 33.
Qe7+ Kh6 34. Qe3+ g5 35. Qg1 Bc8 36. a7 Bb7 37. Kh2 Bg3+ 0-1

[Event "Olimpiada Dresden 2008 Femenina"]
[Site "Dresden GER"]
[Date "2008.11.19"]
[Round "6.6"]
[White "Schuurman, Petra"]
[Black "Sabirova, O."]
[Result "1-0"]
[WhiteElo "2324"]
[BlackElo "2185"]
[PlyCount "119"]
[EventDate "2008.11.13"]
[EventType "team-tourn"]
[EventRounds "11"]
[EventCountry "GER"]
[Source "lmi"]
[SourceDate "2008.11.13"]
[WhiteTeam "Holanda"]
[BlackTeam "Uzbekistán"]
[WhiteTeamCountry "NED"]
[BlackTeamCountry "UZB"]

1. d4 Nf6 2. c4 g6 3. Nc3 Bg7 4. e4 d6 5. Nf3 O-O 6. Be2 e5 7. d5 a5 8. Bg5 h6
9. Bh4 Qe8 10. Nd2 Na6 11. O-O Nh7 12. a3 Bd7 13. Nb5 h5 14. f3 Bh6 15. Kh1 a4
16. Be1 Bxb5 17. cxb5 Nc5 18. b4 axb3 19. Nxb3 Be3 20. Na5 Nf6 21. b6 Bd4 22.
Rb1 cxb6 23. Nc4 Qe7 24. Bh4 Ncd7 25. f4 Rfc8 26. f5 Rf8 27. Qc1 Kg7 28. Qg5
Rh8 29. Rf3 Rh6 30. Rbf1 Bc5 31. Qc1 Rf8 32. Bg5 Rhh8 33. Nd2 Qe8 34. Bb5 Qa8
35. Qc2 Qc8 36. Nc4 Ng4 37. Be7 Re8 38. Nxd6 Bxd6 39. Qxc8 Rxc8 40. Bxd6 Nc5
41. fxg6 f6 42. Re1 Kxg6 43. Kg1 Rh7 44. h3 Nh6 45. Rg3+ Kf7 46. Be2 Ng8 47.
Re3 Ne7 48. Rb1 Nd7 49. Bb4 Rc2 50. Bd1 Rc8 51. Bb3 Ng6 52. d6+ Ke8 53. Rg3 Rg7
54. Be6 Rc2 55. Bf5 Ndf8 56. d7+ Rxd7 57. Bxg6+ Nxg6 58. Rxg6 Kf7 59. Rg3 Rd4
60. Re3 1-0

[Event "Olimpiada Dresden 2008 Femenina"]
[Site "Dresden GER"]
[Date "2008.11.19"]
[Round "6.7"]
[White "Danielian, Elina"]
[Black "Lahno, Kateryna"]
[Result "0-1"]
[WhiteElo "2513"]
[BlackElo "2488"]
[PlyCount "100"]
[EventDate "2008.11.13"]
[EventType "team-tourn"]
[EventRounds "11"]
[EventCountry "GER"]
[Source "lmi"]
[SourceDate "2008.11.13"]
[WhiteTeam "Armenia"]
[BlackTeam "Ucrania"]
[WhiteTeamCountry "ARM"]
[BlackTeamCountry "UKR"]

1. d4 Nf6 2. c4 g6 3. g3 Bg7 4. Bg2 d5 5. cxd5 Nxd5 6. e4 Nb6 7. Ne2 c5 8. d5
e6 9. Nbc3 O-O 10. O-O exd5 11. exd5 Na6 12. d6 Nb4 13. Be3 c4 14. a4 Bf5 15.
a5 Nd7 16. Bxb7 Ne5 17. Nd4 Bh3 18. Ne4 a6 19. Bxa8 Qxa8 20. f3 Ned3 21. Qd2
Bxf1 22. Rxf1 Qd5 23. Ne2 f5 24. N2c3 Qc6 25. Nf2 Ne5 26. Nh3 Nxf3+ 27. Rxf3
Qxf3 28. Ng5 Qc6 29. Ne6 Nd3 30. Nxf8 Bxf8 31. b3 Ne5 32. Qd5+ Qxd5 33. Nxd5
cxb3 34. Bc5 b2 35. Nc3 Nc4 36. Kf1 Bxd6 37. Bxd6 Nxd6 38. Ke2 Nc4 39. Nb1 Nxa5
40. Kd3 Nc6 41. Kc2 Nd4+ 42. Kxb2 Nf3 43. h3 Ng1 44. g4 Nxh3 45. gxf5 gxf5 46.
Kc3 Kf7 47. Kd4 Kf6 48. Nc3 Nf4 49. Na4 Ne6+ 50. Ke3 Ke5 0-1

[Event "Olimpiada Dresden 2008 Femenina"]
[Site "Dresden GER"]
[Date "2008.11.19"]
[Round "6.8"]
[White "Djingarova, Emilia"]
[Black "Ciuksyte, Dagne"]
[Result "1-0"]
[WhiteElo "2352"]
[BlackElo "2339"]
[PlyCount "135"]
[EventDate "2008.11.13"]
[EventType "team-tourn"]
[EventRounds "11"]
[EventCountry "GER"]
[Source "lmi"]
[SourceDate "2008.11.13"]
[WhiteTeam "Bulgaria"]
[BlackTeam "Inglaterra"]
[WhiteTeamCountry "BUL"]
[BlackTeamCountry "ENG"]

1. d4 d5 2. c4 e6 3. Nf3 Nf6 4. Nc3 Be7 5. Qc2 O-O 6. cxd5 exd5 7. Bg5 Nbd7 8.
e3 Re8 9. Bd3 Nf8 10. O-O c6 11. Ne5 Ng4 12. Bxe7 Qxe7 13. Nxg4 Bxg4 14. a3 Bh5
15. b4 a6 16. Na4 Bg6 17. Nc5 Bxd3 18. Qxd3 Ne6 19. Rfb1 Ng5 20. Qf5 Ne4 21.
Nxe4 dxe4 22. Rc1 g6 23. Qf4 a5 24. Rab1 axb4 25. axb4 Kg7 26. h4 Rec8 27. Rc5
f6 28. Rbc1 Qe6 29. b5 cxb5 30. Rc7+ Kg8 31. d5 Rxc7 32. Rxc7 Qe5 33. Qxe5 fxe5
34. Rxb7 Ra1+ 35. Kh2 Rd1 36. Rxb5 Kf7 37. Kg3 Rd3 38. Rb7+ Kf6 39. Rxh7 Rxd5
40. h5 gxh5 41. Rxh5 Rd8 42. Rh6+ Kg5 43. Rh4 Kf5 44. Kh3 Rf8 45. Rh5+ Ke6 46.
Kg3 Rg8+ 47. Kh2 Rf8 48. Kg1 Rg8 49. g3 Rg7 50. Rh8 Kf5 51. Rf8+ Kg4 52. Kg2
Rg6 53. Rh8 Rg7 54. Rh4+ Kf5 55. Kh3 Rf7 56. g4+ Ke6 57. Rh6+ Kd5 58. Kg3 Rf3+
59. Kg2 Rf8 60. Ra6 Rf7 61. g5 Rf5 62. g6 Rg5+ 63. Kh3 Rf5 64. Kg3 Rf3+ 65. Kg4
Rxf2 66. Kg5 Rf3 67. g7 Kc4 68. g8=Q+ 1-0

[Event "Olimpiada Dresden 2008 Femenina"]
[Site "Dresden GER"]
[Date "2008.11.19"]
[Round "6.8"]
[White "Raeva, Elitsa"]
[Black "Bhatia, Kanwal K"]
[Result "1-0"]
[WhiteElo "2251"]
[BlackElo "2065"]
[PlyCount "81"]
[EventDate "2008.11.13"]
[EventType "team-tourn"]
[EventRounds "11"]
[EventCountry "GER"]
[Source "lmi"]
[SourceDate "2008.11.13"]
[WhiteTeam "Bulgaria"]
[BlackTeam "Inglaterra"]
[WhiteTeamCountry "BUL"]
[BlackTeamCountry "ENG"]

1. d4 Nf6 2. Nf3 c5 3. c3 b6 4. Bg5 Ne4 5. Bh4 g6 6. e3 Bb7 7. Bd3 Bg7 8. Qc2
d5 9. Nbd2 Nd6 10. Qd1 Nd7 11. O-O O-O 12. Qe2 Re8 13. Rad1 Qc8 14. e4 dxe4 15.
Nxe4 Nf5 16. Bg5 a6 17. Bb1 Qc7 18. Rfe1 h6 19. Bc1 cxd4 20. cxd4 Rad8 21. h4
h5 22. Neg5 Nd6 23. Bf4 Bxf3 24. Qxf3 Nf6 25. Be5 Qd7 26. Qb3 Qb5 27. Qg3 Ng4
28. Bxg7 Kxg7 29. b3 Nf5 30. Qf4 Nd6 31. Bd3 Qd5 32. Rc1 e5 33. dxe5 Nxe5 34.
Bxa6 b5 35. Red1 Nd3 36. Qd2 Nf5 37. Rc7 Re7 38. Qc3+ f6 39. Rc6 Qe5 40. Qxe5
Rxe5 41. Ne6+ 1-0

[Event "Olimpiada Dresden 2008 Femenina"]
[Site "Dresden GER"]
[Date "2008.11.19"]
[Round "6.10"]
[White "Igla, Bella"]
[Black "Enxtuul, Altanolzii"]
[Result "0-1"]
[WhiteElo "2254"]
[BlackElo "1977"]
[PlyCount "64"]
[EventDate "2008.11.13"]
[EventType "team-tourn"]
[EventRounds "11"]
[EventCountry "GER"]
[Source "lmi"]
[SourceDate "2008.11.13"]
[WhiteTeam "Israel"]
[BlackTeam "Mongolia"]
[WhiteTeamCountry "ISR"]
[BlackTeamCountry "MGL"]

1. e4 e5 2. Nf3 Nf6 3. d4 Nxe4 4. Bd3 d5 5. Nxe5 Nd7 6. Nc3 Nxe5 7. dxe5 Nxc3
8. bxc3 Be7 9. O-O O-O 10. Rb1 b6 11. Qh5 g6 12. Qe2 Be6 13. Bb5 Bd7 14. c4 c6
15. Ba6 d4 16. Rd1 Bc5 17. c3 dxc3 18. Bh6 Qh4 19. Rxd7 Qxh6 20. e6 c2 21. Qxc2
fxe6 22. Rf1 Rf6 23. Kh1 Raf8 24. f3 Be3 25. Rxa7 Bf4 26. g4 Rd8 27. Rf2 Be3
28. g5 Qxg5 29. Rg2 Qh4 30. Qe2 Rxf3 31. Rxg6+ hxg6 32. Qxf3 Rd1+ 0-1

[Event "Olimpiada Dresden 2008 Femenina"]
[Site "Dresden GER"]
[Date "2008.11.19"]
[Round "6.10"]
[White "Nyamtuya, Onorjargal"]
[Black "Vasiliev, Olga"]
[Result "0-1"]
[WhiteElo "1958"]
[BlackElo "2235"]
[PlyCount "82"]
[EventDate "2008.11.13"]
[EventType "team-tourn"]
[EventRounds "11"]
[EventCountry "GER"]
[Source "lmi"]
[SourceDate "2008.11.13"]
[WhiteTeam "Mongolia"]
[BlackTeam "Israel"]
[WhiteTeamCountry "MGL"]
[BlackTeamCountry "ISR"]

1. e4 e5 2. Nf3 Nc6 3. Bb5 a6 4. Ba4 Nf6 5. O-O Nxe4 6. d4 b5 7. Bb3 d5 8. dxe5
Be6 9. Nbd2 Be7 10. c3 Nc5 11. Bc2 d4 12. Nb3 d3 13. Bb1 Nxb3 14. axb3 Bf5 15.
Be3 O-O 16. Re1 Qd5 17. Bd4 d2 18. Re2 Bxb1 19. Rxb1 Nxd4 20. Nxd4 Bg5 21. g3
c5 22. Nf5 Qe6 23. Nd6 Qg6 24. h4 Bh6 25. Kh2 f6 26. e6 Rad8 27. e7 Rxd6 28.
exf8=Q+ Kxf8 29. Ra1 Qd3 30. f4 g6 31. Rf2 f5 32. Rf3 Qd5 33. Rf1 Bg7 34. Qe2
b4 35. cxb4 cxb4 36. Rfd1 Bxb2 37. Rxa6 Rxa6 38. Qxa6 Bc3 39. Qc8+ Kg7 40. Qc7+
Kh6 41. Qe7 Qf3 0-1

[Event "Olimpiada Dresden 2008 Femenina"]
[Site "Dresden GER"]
[Date "2008.11.19"]
[Round "6.10"]
[White "Efroimski, Marsel"]
[Black "Munhchuluun, Cegmed"]
[Result "0-1"]
[WhiteElo "2052"]
[BlackElo "1969"]
[PlyCount "72"]
[EventDate "2008.11.13"]
[EventType "team-tourn"]
[EventRounds "11"]
[EventCountry "GER"]
[Source "lmi"]
[SourceDate "2008.11.13"]
[WhiteTeam "Israel"]
[BlackTeam "Mongolia"]
[WhiteTeamCountry "ISR"]
[BlackTeamCountry "MGL"]

1. d4 Nf6 2. c4 e6 3. Nc3 Bb4 4. e3 O-O 5. Nge2 d5 6. a3 Bd6 7. Ng3 Re8 8. Be2
b6 9. O-O Ba6 10. b4 c6 11. Qb3 h5 12. Rd1 Ng4 13. Nf1 Qh4 14. g3 Qh3 15. e4 e5
16. exd5 exd4 17. Rxd4 Be5 18. Re4 cxd5 19. Nxd5 Nd7 20. Bb2 Bb7 21. Bf3 Bxd5
22. cxd5 Ngf6 23. Ree1 Qf5 24. Bg2 Bxb2 25. Qxb2 Ne5 26. Rad1 Nf3+ 27. Bxf3
Rxe1 28. Rxe1 Qxf3 29. d6 Rd8 30. Re3 Qd5 31. Qd2 Qxd2 32. Nxd2 Rxd6 33. Nc4
Rc6 34. Ne5 Re6 35. Nc4 Rc6 36. Ne5 Re6 0-1

[Event "Olimpiada Dresden 2008 Femenina"]
[Site "Dresden GER"]
[Date "2008.11.19"]
[Round "6.11"]
[White "Muzychuk, Anna"]
[Black "Mamedjarova, Zeinab"]
[Result "1-0"]
[WhiteElo "2508"]
[BlackElo "2351"]
[PlyCount "121"]
[EventDate "2008.11.13"]
[EventType "team-tourn"]
[EventRounds "11"]
[EventCountry "GER"]
[Source "lmi"]
[SourceDate "2008.11.13"]
[WhiteTeam "Eslovenia"]
[BlackTeam "Azerbaiyán"]
[WhiteTeamCountry "SLO"]
[BlackTeamCountry "AZE"]

1. c4 c5 2. Nf3 g6 3. e3 Bg7 4. d4 Nf6 5. Nc3 O-O 6. Be2 d6 7. O-O Nc6 8. d5
Nb8 9. e4 e6 10. dxe6 fxe6 11. e5 dxe5 12. Qxd8 Rxd8 13. Be3 Nc6 14. Bxc5 e4
15. Ng5 Rd2 16. Rab1 h6 17. Be3 Rxe2 18. Nxe2 hxg5 19. Bxg5 e5 20. Nc3 Bf5 21.
Rbd1 Nd4 22. h3 Rc8 23. b3 a6 24. Bxf6 Bxf6 25. g4 Bd7 26. Nxe4 Be7 27. Kg2 Bc6
28. f3 Bh4 29. Rd3 Kg7 30. Nc3 b5 31. Re3 bxc4 32. bxc4 Rb8 33. Rb1 Rf8 34. Nd5
e4 35. Rxe4 Nxf3 36. Rf1 Nd2 37. Rxf8 Kxf8 38. Re6 Be8 39. Nf4 Nxc4 40. Nxg6+
Bxg6 41. Rxg6 a5 42. Rc6 Nb2 43. Kf3 a4 44. Kf4 Be7 45. g5 Nd3+ 46. Kf5 Nb4 47.
Rc8+ Kg7 48. Rc7 Kf8 49. g6 Nxa2 50. g7+ Kxg7 51. Rxe7+ Kh6 52. Kg4 Nc3 53. Ra7
Ne4 54. Ra6+ Kg7 55. Rxa4 Nf6+ 56. Kf5 Nh7 57. Ra6 Nf8 58. Ra7+ Kg8 59. Re7 Kh8
60. Kf6 Nh7+ 61. Kg6 1-0

[Event "Olimpiada Dresden 2008 Femenina"]
[Site "Dresden GER"]
[Date "2008.11.19"]
[Round "6.11"]
[White "Mamedjarova, Turkan"]
[Black "Krivec, Jana"]
[Result "0-1"]
[WhiteElo "2269"]
[BlackElo "2345"]
[PlyCount "88"]
[EventDate "2008.11.13"]
[EventType "team-tourn"]
[EventRounds "11"]
[EventCountry "GER"]
[Source "lmi"]
[SourceDate "2008.11.13"]
[WhiteTeam "Azerbaiyán"]
[BlackTeam "Eslovenia"]
[WhiteTeamCountry "AZE"]
[BlackTeamCountry "SLO"]

1. Nf3 Nf6 2. c4 e6 3. d4 b6 4. Nc3 Bb4 5. Bg5 Bb7 6. Nd2 h6 7. Bh4 c5 8. d5
Bxc3 9. bxc3 d6 10. e4 e5 11. Bd3 Nbd7 12. Nf1 g5 13. Bg3 Nf8 14. h4 g4 15. h5
N8h7 16. Bh4 Rg8 17. Ng3 Bc8 18. Bc2 Ng5 19. Ba4+ Kf8 20. Qd3 Rb8 21. Bc6 Rg7
22. O-O Qc7 23. Kh1 Ng8 24. Ba4 Nf6 25. Rab1 Ng8 26. Rb2 Nf6 27. Qe3 Ng8 28.
Bd1 Bd7 29. f4 gxf3 30. gxf3 Nh3 31. Ne2 Re8 32. f4 Bg4 33. fxe5 Rxe5 34. Bg3
Rxh5 35. Bh2 Ne7 36. Ng3 Rh4 37. Bxg4 Rgxg4 38. Rf6 Kg7 39. e5 dxe5 40. d6 Qc6+
41. Qf3 Ng5 42. dxe7 Nxf3 43. Rxc6 Rxg3 44. Rg2 Rxh2+ 0-1

[Event "Olimpiada Dresden 2008 Femenina"]
[Site "Dresden GER"]
[Date "2008.11.19"]
[Round "6.11"]
[White "Srebrnic, Ana"]
[Black "Umudova, Nargiz"]
[Result "0-1"]
[WhiteElo "2290"]
[BlackElo "2219"]
[PlyCount "75"]
[EventDate "2008.11.13"]
[EventType "team-tourn"]
[EventRounds "11"]
[EventCountry "GER"]
[Source "lmi"]
[SourceDate "2008.11.13"]
[WhiteTeam "Eslovenia"]
[BlackTeam "Azerbaiyán"]
[WhiteTeamCountry "SLO"]
[BlackTeamCountry "AZE"]

1. c4 g6 2. e4 Bg7 3. d4 d6 4. Nc3 Nf6 5. Be2 O-O 6. Bg5 c5 7. d5 e6 8. Qd2
exd5 9. exd5 Re8 10. Nf3 Bg4 11. O-O Nbd7 12. h3 Bxf3 13. Bxf3 a6 14. a4 Qa5
15. Qc2 h6 16. Bd2 Qc7 17. a5 Nh7 18. b3 Ng5 19. Be2 f5 20. Ra2 Re7 21. Qc1
Rae8 22. Bd3 Nf7 23. Bb1 Nf6 24. Re1 Ng5 25. Rf1 Nf7 26. Qa3 Ng5 27. Qc1 Nf7
28. Ra4 Qd7 29. Bc2 Qc8 30. Qb1 Nd7 31. Re1 Bd4 32. Rxe7 Rxe7 33. Nd1 Qe8 34.
Ne3 f4 35. Nf1 Re2 36. Kh1 f3 37. Bd1 fxg2+ 38. Kh2 0-1

[Event "Olimpiada Dresden 2008 Femenina"]
[Site "Dresden GER"]
[Date "2008.11.19"]
[Round "6.11"]
[White "Isgandarova, Khayala"]
[Black "Rozic, Vesna"]
[Result "1-0"]
[WhiteElo "2206"]
[BlackElo "2293"]
[PlyCount "71"]
[EventDate "2008.11.13"]
[EventType "team-tourn"]
[EventRounds "11"]
[EventCountry "GER"]
[Source "lmi"]
[SourceDate "2008.11.13"]
[WhiteTeam "Azerbaiyán"]
[BlackTeam "Eslovenia"]
[WhiteTeamCountry "AZE"]
[BlackTeamCountry "SLO"]

1. e4 e6 2. d4 d5 3. e5 c5 4. c3 Qb6 5. Nf3 Bd7 6. Be2 Bb5 7. c4 Bxc4 8. Bxc4
dxc4 9. d5 Ne7 10. d6 Nec6 11. O-O Nd7 12. Re1 O-O-O 13. Na3 Qa6 14. Qe2 h6 15.
h4 g6 16. Nxc4 Bg7 17. Bf4 Rhe8 18. a3 Bf8 19. b4 cxb4 20. axb4 Qb5 21. Be3 a6
22. Nb6+ Nxb6 23. Qxb5 axb5 24. Bxb6 Kd7 25. Bxd8 Rxd8 26. Rec1 f6 27. exf6
Bxd6 28. Rd1 Rf8 29. Nd2 Kc7 30. Ne4 Bxb4 31. Rd3 Ne5 32. Rc1+ Kb6 33. Rb3 Ba5
34. Rc5 Nc6 35. Rcxb5+ Ka6 36. Rxb7 1-0

[Event "Olimpiada Dresden 2008 Femenina"]
[Site "Dresden GER"]
[Date "2008.11.19"]
[Round "6.12"]
[White "Le, Thanh Tu"]
[Black "Heinatz, Dr. Gundula"]
[Result "1-0"]
[WhiteElo "2324"]
[BlackElo "2227"]
[PlyCount "127"]
[EventDate "2008.11.13"]
[EventType "team-tourn"]
[EventRounds "11"]
[EventCountry "GER"]
[Source "lmi"]
[SourceDate "2008.11.13"]
[WhiteTeam "Vietnam"]
[BlackTeam "Suiza"]
[WhiteTeamCountry "VIE"]
[BlackTeamCountry "SUI"]

1. Nf3 d5 2. d4 c6 3. c4 Nf6 4. Nc3 dxc4 5. a4 Na6 6. e3 Bg4 7. Bxc4 e6 8. h3
Bh5 9. O-O Nb4 10. Be2 Be7 11. Bd2 O-O 12. Na2 Nxa2 13. Rxa2 Qd5 14. Ra1 Ne4
15. Be1 Rfd8 16. Nd2 Bxe2 17. Qxe2 c5 18. Nxe4 Qxe4 19. dxc5 Bxc5 20. Rc1 b6
21. Rc4 Qd3 22. Qxd3 Rxd3 23. Bc3 f6 24. Re1 Rad8 25. Kf1 f5 26. Ke2 R3d7 27.
Rc1 Kf7 28. Rc2 g5 29. Rd2 Rxd2+ 30. Bxd2 Rd7 31. a5 Rd5 32. b4 Bd6 33. axb6
axb6 34. Rc6 b5 35. f3 Be5 36. Rb6 h6 37. e4 fxe4 38. fxe4 Rd4 39. Bc3 Rxe4+
40. Kd3 Bxc3 41. Kxe4 Bxb4 42. Rxb5 Bd6 43. Kf3 Bf4 44. h4 Kf6 45. h5 Bd6 46.
g4 Be7 47. Ke4 Bd6 48. Rb6 Be7 49. Rb8 Kf7 50. Ke5 Bf6+ 51. Kd6 Be7+ 52. Kd7
Bf6 53. Re8 e5 54. Re6 Bg7 55. Kd6 Bf6 56. Kd5 Bg7 57. Rg6 Kg8 58. Rxg7+ Kxg7
59. Kxe5 Kf7 60. Kf5 Ke7 61. Kg6 Ke6 62. Kxh6 Kf6 63. Kh7 Kf7 64. h6 1-0

[Event "Olimpiada Dresden 2008 Femenina"]
[Site "Dresden GER"]
[Date "2008.11.19"]
[Round "6.13"]
[White "Baklanova, Tatiana"]
[Black "Arribas Robaina, Maritza"]
[Result "1/2-1/2"]
[WhiteElo "2231"]
[BlackElo "2303"]
[PlyCount "54"]
[EventDate "2008.11.13"]
[EventType "team-tourn"]
[EventRounds "11"]
[EventCountry "GER"]
[Source "lmi"]
[SourceDate "2008.11.13"]
[WhiteTeam "Ucrania"]
[BlackTeam "Cuba"]
[WhiteTeamCountry "UKR"]
[BlackTeamCountry "CUB"]

1. d4 Nf6 2. c4 g6 3. Nc3 Bg7 4. e4 d6 5. f3 O-O 6. Bg5 c5 7. d5 Nbd7 8. Nh3 a6
9. a4 Qa5 10. Ra3 h6 11. Be3 Ne5 12. Nf2 e6 13. Be2 exd5 14. cxd5 Kh7 15. O-O
Ng8 16. f4 Nd7 17. Bd3 Ne7 18. g4 f5 19. exf5 gxf5 20. g5 hxg5 21. Qh5+ Kg8 22.
Qxg5 Rf6 23. Kh1 Kf8 24. Bd2 Rg6 25. Qh4 Rh6 26. Qg5 Rg6 27. Qh4 Rh6 1/2-1/2

[Event "Olimpiada Dresden 2008 Femenina"]
[Site "Dresden GER"]
[Date "2008.11.19"]
[Round "6.13"]
[White "Ordaz Valdes, Lisandra"]
[Black "Ryvova, Anna"]
[Result "1-0"]
[WhiteElo "2306"]
[BlackElo "2009"]
[PlyCount "65"]
[EventDate "2008.11.13"]
[EventType "team-tourn"]
[EventRounds "11"]
[EventCountry "GER"]
[Source "lmi"]
[SourceDate "2008.11.13"]
[WhiteTeam "Cuba"]
[BlackTeam "Chequia"]
[WhiteTeamCountry "CUB"]
[BlackTeamCountry "CZE"]

1. d4 d5 2. c4 c6 3. Nf3 Nf6 4. Nc3 e6 5. cxd5 exd5 6. Bg5 Be7 7. Qc2 Bg4 8.
Ne5 Bh5 9. e3 Bg6 10. Nxg6 hxg6 11. Bd3 Nbd7 12. a3 Qb6 13. b4 a5 14. b5 Rc8
15. Na4 Qd8 16. bxc6 Rxc6 17. Qb3 Qc7 18. h3 O-O 19. O-O Re8 20. Bb5 Re6 21.
Rfc1 Qd8 22. Bxf6 Rxf6 23. Qxd5 Bd6 24. Qxb7 Rxf2 25. Qxd7 Rxg2+ 26. Kxg2 Qg5+
27. Qg4 Qxb5 28. Nc3 Qd3 29. Qe2 Qf5 30. e4 Qg5+ 31. Kh1 Bf4 32. Rg1 Qh4 33.
Qf3 1-0

[Event "Olimpiada Dresden 2008 Femenina"]
[Site "Dresden GER"]
[Date "2008.11.19"]
[Round "6.13"]
[White "Gerasimova, Olga"]
[Black "Linares Napoles, Oleiny"]
[Result "0-1"]
[WhiteElo "2316"]
[BlackElo "2261"]
[PlyCount "55"]
[EventDate "2008.11.13"]
[EventType "team-tourn"]
[EventRounds "11"]
[EventCountry "GER"]
[Source "lmi"]
[SourceDate "2008.11.13"]
[WhiteTeam "Rusia"]
[BlackTeam "Cuba"]
[WhiteTeamCountry "RUS"]
[BlackTeamCountry "CUB"]

1. e4 c5 2. Nf3 Nc6 3. Bb5 g6 4. Bxc6 dxc6 5. d3 Bg7 6. h3 Nf6 7. Nc3 O-O 8.
Be3 b6 9. Qd2 e5 10. a3 Qd6 11. O-O Be6 12. b4 cxb4 13. axb4 Qxb4 14. Ra4 Qe7
15. Rfa1 c5 16. Ra6 Qb7 17. Nb5 Bd7 18. Nxa7 Ne8 19. c4 Nc7 20. R6a3 Ne6 21.
Nb5 Bxb5 22. cxb5 Rxa3 23. Rxa3 Rd8 24. Qa2 Qd7 25. Ng5 Nf4 26. Ra7 Qe8 27.
Nxf7 Rb8 28. Bxf4 0-1

[Event "Olimpiada Dresden 2008 Femenina"]
[Site "Dresden GER"]
[Date "2008.11.19"]
[Round "6.13"]
[White "Marrero Lopez, Yaniet"]
[Black "Mucha, Annegret"]
[Result "1-0"]
[WhiteElo "2260"]
[BlackElo "1965"]
[PlyCount "90"]
[EventDate "2008.11.13"]
[EventType "team-tourn"]
[EventRounds "11"]
[EventCountry "GER"]
[Source "lmi"]
[SourceDate "2008.11.13"]
[WhiteTeam "Cuba"]
[BlackTeam "Alemania"]
[WhiteTeamCountry "CUB"]
[BlackTeamCountry "GER"]

1. d4 d5 2. Nf3 Nf6 3. Bf4 c6 4. Nbd2 Bf5 5. e3 e6 6. c4 Nbd7 7. Qb3 Qc8 8. Be2
Be7 9. O-O O-O 10. Rac1 Nh5 11. Be5 f6 12. Bg3 Nxg3 13. hxg3 Bg6 14. Nh4 Bf7
15. cxd5 exd5 16. Nf5 Re8 17. Nxe7+ Rxe7 18. Qb4 Re8 19. Nb3 Rb8 20. Qd6 Qd8
21. Rc3 f5 22. Rfc1 Re6 23. Qf4 Re4 24. Qxf5 Be6 25. Qh5 Nf6 26. Qh1 Bd7 27.
Nc5 Re7 28. Qh4 Qf8 29. Bd3 Rbe8 30. Nxb7 Re4 31. Qh1 Ng4 32. R3c2 R8e6 33. Nc5
Rh6 34. Qxh6 gxh6 35. Nxd7 Qf5 36. Bxe4 Qxe4 37. Rxc6 Qf5 38. f3 Nxe3 39. Nf6+
Kf7 40. Rc7+ Kg6 41. R1c6 Qb1+ 42. Kh2 Nf1+ 43. Kh3 Nxg3 44. Ne4+ Kh5 45. Nxg3+
Kg5 1-0